000 00440nam a22001697a 4500
005 20250917130858.0
008 250917b |||||||| |||| 00| 0 eng d
020 _a978-93-86700-20-9
041 _aeng
100 _aSHARMA, DR.P K
_95033
245 _aA TEXT BOOK OF REMIDIAL MATHEMATICS [ 1ST YEAR] B. PHARM
250 _a11TH. ED. 2025
260 _aPUNE
_bNIRALI PRAKASHAN
300 _aA.10;P
650 _aPHARMACY
942 _cBK
999 _c8833
_d8831